00312nam a2200133Ia 4500003000400000005001700004008004100021020001900062040002000081100001700101245004300118260000800161260000900169OSt20240219155018.0170524s9999 xx 000 0 und d a978-1259028564 cIIMT UNIVERSITY aHayes John P 0aComputer Architecture and Organization bMGH c1998